| 000 | 00634nam a2200169 a 4500 | ||
|---|---|---|---|
| 005 | 20230929063736.0 | ||
| 008 | 991125s1969 mx 000 0 spa u | ||
| 035 | _aUPN01000001498 | ||
| 049 | _aCG | ||
| 050 | 4 |
_aLC149 _bA43 |
|
| 245 | 0 | 3 | _aLa alfabetización al servicio del desarrollo. |
| 260 |
_aPátzcuaro, Mich. : _bCREFAL, _c1969. |
||
| 300 | _a55 p. | ||
| 520 | _a"Transcripción del documento Minedlit 3, preparado por la UNESCO para el Congreso mundial de ministros de educación para la liquidación del analfabetismo, Teherán, 8-19 de septiembre de 1965" | ||
| 650 | 4 |
_aAlfabetización (Educación) _91831 |
|
| 905 | _aLibro | ||
| 999 |
_c1498 _d1498 |
||